01260cam a22002891a 450000100060000000300080000600500170001400800410003103500190007203500190009104000550011004100080016507000200017307200090019308200200020224501100022226000960033230000690042849000770049750001620057450000200073650400310075665000180078771000830080583000120088883000700090014805BD-RjUL20211208235709.0140208s1966 dcuabd bf f001 0 eng c a(BD-RjUL)14859 a(OCoLC)6828657 aU.S. Nat'l Agr. Libr.cCSjUdOCoLCdDNALdDLCbeng aeng0 a1bAg84Ah no.180 aJ400 a631.4bSOI 196600aSoil survey manual /cby Soil Survey Staff, Bureau of Plant Industry, Soils and Agricultural Engineering. aWashington, D.C. :bAgricultural Research Administration, U.S. Dept. of Agriculture,c1966. avii, 503 p. [16] pages of plates :bill., charts, maps ;c24 cm.1 aAgriculture handbook / United States Department of Agriculture ;vno. 18 a"Revision and enlargement of U.S. Department of Agriculture Miscellaneous publication 274, the Soil survey manual, issued September 1937, and supersedes it." aIncludes index. aBibliography": p. 443-457. 0aSoil surveys.1 aUnited States.bBureau of Plant Industry, Soils, and Agricultural Engineering. 0vno. 18. 0aAgriculture handbook (United States. Department of Agriculture) ;